Great mysteries: (Record no. 1932)
[ view plain ]
| 000 -LEADER | |
|---|---|
| fixed length control field | 00561nam a22002057a 4500 |
| 003 - CONTROL NUMBER IDENTIFIER | |
| control field | OSt |
| 005 - DATE AND TIME OF LATEST TRANSACTION | |
| control field | 20231107145500.0 |
| 008 - FIXED-LENGTH DATA ELEMENTS--GENERAL INFORMATION | |
| fixed length control field | 130305t xxu||||| |||| 00| 0 eng d |
| 020 ## - INTERNATIONAL STANDARD BOOK NUMBER | |
| International Standard Book Number | 9781741106930 |
| 050 ## - LIBRARY OF CONGRESS CALL NUMBER | |
| Classification number | TR IB AG 243 |
| Item number | .B811 2010 |
| 082 ## - DEWEY DECIMAL CLASSIFICATION NUMBER | |
| Classification number | IB 031.02 |
| Item number | B68 2010 |
| 100 ## - MAIN ENTRY--PERSONAL NAME | |
| Personal name | Bradley, Pamela. |
| 245 ## - TITLE STATEMENT | |
| Title | Great mysteries: |
| Statement of responsibility, etc | Bradley Pamela. |
| Remainder of title | riddles of the natural and human world / |
| 260 ## - PUBLICATION, DISTRIBUTION, ETC. (IMPRINT) | |
| Place of publication, distribution, etc | Chatswood: |
| Name of publisher, distributor, etc | New Holland, |
| Date of publication, distribution, etc | c2010. |
| 300 ## - PHYSICAL DESCRIPTION | |
| Extent | 288 p.: |
| Other physical details | ill. ; |
| Dimensions | 25 cm. |
| 942 ## - ADDED ENTRY ELEMENTS (KOHA) | |
| Source of classification or shelving scheme | Library of Congress Classification |
| Koha item type | Books |
| Withdrawn status | Lost status | Source of classification or shelving scheme | Damaged status | Home library | Current library | Shelving location | Date acquired | Total Checkouts | Full call number | Barcode | Date last seen | Copy number | Price effective from | Koha item type | Source of acquisition |
|---|---|---|---|---|---|---|---|---|---|---|---|---|---|---|---|
| Library of Congress Classification | Luxembourg Library | Luxembourg Library | International Baccalaureate Section | 03/05/2013 | AG 243 .B811 2010 | IB0067 | 04/11/2016 | 1 | 03/05/2013 | Books | |||||
| Library of Congress Classification | Luxembourg Library | Luxembourg Library | Teachers Reference Section | 06/18/2013 | TR IB AG 243 .B811 2010 | IB0068 | 08/13/2013 | 1 | 06/18/2013 | Books | Donation | ||||
| Library of Congress Classification | Luxembourg Library | Luxembourg Library | International Baccalaureate Section | 06/18/2013 | AG 243 .B811 2010 | IB0069 | 08/13/2013 | 1 | 06/18/2013 | Books |